[Event "SWE-chT2 1314"]
[Site "Sweden"]
[Date "2014.01.17"]
[Round "6"]
[White "Mansson, Peter"]
[Black "Pettersson, Anders1111"]
[Result "1-0"]
[WhiteElo "2142"]
[BlackElo "2068"]
[PlyCount "55"]
[EventDate "2013.11.22"]
[EventType "team-tourn"]
[EventRounds "9"]
[EventCountry "SWE"]
[SourceTitle "EXT 2015"]
[Source "ChessBase"]
[SourceDate "2014.11.20"]
[SourceVersion "1"]
[SourceVersionDate "2014.11.20"]
[SourceQuality "1"]
[WhiteTeam "Limhamn II"]
[BlackTeam "Manhem II"]
[WhiteTeamCountry "SWE"]
[BlackTeamCountry "SWE"]

1. e4 e5 2. Nf3 Nc6 3. Nc3 Nf6 4. Bb5 Bc5 5. Nxe5 Bxf2+ 6. Kxf2 Nxe5 7. d4 Ng6 8. e5 c6 9. Bd3 Nd5 10. Nxd5 cxd5 11. Qf3 Qh4+ 12. g3 Qxd4+ 13. Be3 Qa4 14. Bc5 Qc6 15. Bd6 b6 16. c4 Bb7 17. Rhe1 b5 18. c5 Nf8 19. a4 b4 20. Qg4 Ne6 21. Qxb4 a6 22. Qh4 g5 23. Qh6 0-0-0 24. b4 Nd4 25. b5 axb5 26. axb5 Nxb5 27. Bxb5 Qxb5 28. Reb1 1-0

[Event "SWE-chT 1314"]
[Site "Sweden"]
[Date "2013.11.24"]
[Round "3.5"]
[White "Mansson, Peter"]
[Black "Johansson, Carl Fredrik"]
[Result "1-0"]
[WhiteElo "2142"]
[BlackElo "2180"]
[PlyCount "149"]
[EventDate "2013.11.22"]
[EventType "team-tourn"]
[EventRounds "9"]
[EventCountry "SWE"]
[SourceTitle "CBM 157 Extra"]
[Source "ChessBase"]
[SourceDate "2013.12.19"]
[SourceVersion "1"]
[SourceVersionDate "2013.12.19"]
[SourceQuality "1"]
[WhiteTeam "Limhamn"]
[BlackTeam "Upsala"]
[WhiteTeamCountry "SWE"]
[BlackTeamCountry "SWE"]

1. e4 c5 2. Nf3 d6 3. d4 cxd4 4. Nxd4 Nf6 5. Nc3 g6 6. Be3 Bg7 7. Be2 Nc6 8. f4 0-0 9. Nb3 Be6 10. g4 d5 11. f5 Bc8 12. exd5 Nb4 13. Bf3 gxf5 14. a3 fxg4 15. Bg2 Nbxd5 16. Nxd5 Nxd5 17. Bxd5 Bxb2 18. 0-0 Qd6 19. Bc5 Qh6 20. Rb1 Bf6 21. Qe2 Qg5 22. Rbd1 g3 23. hxg3 Qxg3+ 24. Qg2 Qxg2+ 25. Kxg2 Bg4 26. Rd3 Rfd8 27. Bxb7 Rxd3 28. cxd3 Rb8 29. Bd5 Be2 30. Rf2 Bxd3 31. Bxa7 Rd8 32. Bf3 Bc4 33. Rd2 Rc8 34. Nc5 e6 35. Bb7 Rd8 36. Rxd8+ Bxd8 37. Nd7 Bb5 38. Nc5 Be7 39. Kf3 h5 40. Be4 Bd6 41. Kg2 Kf8 42. a4 Bc4 43. a5 Ke8 44. Bb6 Bxc5 45. Bxc5 Kd7 46. Kg3 Kc7 47. Bf3 Bd5 48. Bxh5 f5 49. Kf4 Kb7 50. Be2 Kc6 51. Bb4 Kc7 52. Ke5 Kc6 53. Bc3 Kc7 54. Bd4 Kc6 55. Bb6 Kd7 56. Bb5+ Bc6 57. Bc4 Bd5 58. Be2 Kc6 59. Bh5 Kd7 60. Bd4 Bc4 61. Bb6 Bd5 62. Be3 Bc4 63. Kd4 Bd5 64. Kc5 Kc7 65. Be2 Kb7 66. Kd6 Kc8 67. Bf4 Kb7 68. a6+ Ka7 69. Kc7 Be4 70. Be3+ Ka8 71. Bb5 Bd5 72. Bd7 Be4 73. Bc8 Bd5 74. Bb7+ Bxb7 75. axb7# 1-0

[Event "EU-Cup 29th"]
[Site "Rhodes"]
[Date "2013.10.22"]
[Round "3.6"]
[White "Scherer, Max"]
[Black "Mansson, Peter"]
[Result "0-1"]
[WhiteElo "2303"]
[BlackElo "2136"]
[PlyCount "65"]
[EventDate "2013.10.20"]
[EventType "team-swiss"]
[EventRounds "7"]
[EventCountry "GRE"]
[SourceTitle "CBM 157"]
[Source "ChessBase"]
[SourceDate "2013.11.12"]
[SourceVersion "1"]
[SourceVersionDate "2013.11.12"]
[SourceQuality "1"]
[WhiteTeam "Reichenstein"]
[BlackTeam "Limhamn"]
[WhiteTeamCountry "SUI"]
[BlackTeamCountry "SWE"]

1. c4 e5 2. g3 d6 3. Bg2 f5 4. Nc3 Nf6 5. e3 Be7 6. Nge2 0-0 7. 0-0 c6 8. b4 Be6 9. d3 d5 10. d4 Bxb4 11. dxe5 Bxc3 12. Nxc3 Ne4 13. Nxe4 dxe4 14. Ba3 Re8 15. Qc2 Qa5 16. Bd6 Nd7 17. c5 Bd5 18. f4 exf3 19. Bxf3 g6 20. Bxd5+ cxd5 21. Qd3 Nxe5 22. Qxd5+ Nf7 23. Rab1 b6 24. e4 Rad8 25. Rfe1 bxc5 26. Qxc5 Qxa2 27. e5 Rc8 28. Qf2 Rc2 29. Qf1 Qd5 30. Rbd1 Rd2 31. Rxd2 Qxd2 32. Rd1 Qe3+ 33. Kg2 0-1

[Event "SWE-chT2 1213"]
[Site "Sweden"]
[Date "2012.10.20"]
[Round "1"]
[White "Mansson, Peter"]
[Black "Blomstrom, Lars"]
[Result "0-1"]
[WhiteElo "2101"]
[BlackElo "2142"]
[PlyCount "98"]
[EventDate "2012.10.20"]
[EventType "team-tourn"]
[EventRounds "9"]
[EventCountry "SWE"]
[SourceTitle "EXT 2015"]
[Source "ChessBase"]
[SourceDate "2014.11.20"]
[SourceVersion "1"]
[SourceVersionDate "2014.11.20"]
[SourceQuality "1"]
[WhiteTeam "Limhamn II"]
[BlackTeam "Orebro"]
[WhiteTeamCountry "SWE"]
[BlackTeamCountry "SWE"]

1. e4 e5 2. Nf3 Nc6 3. Bc4 Nf6 4. d3 Be7 5. c3 0-0 6. h3 d5 7. exd5 Nxd5 8. 0-0 Qd6 9. Re1 Kh8 10. Bb3 Bf5 11. d4 exd4 12. Nxd4 Nxd4 13. Qxd4 c6 14. Bxd5 cxd5 15. Bf4 Qd7 16. Nd2 b6 17. Nf3 f6 18. Rad1 Rad8 19. c4 Bb4 20. Bd2 Bc5 21. Qxd5 Qc8 22. b4 Rxd5 23. cxd5 Bd6 24. Rc1 Qd7 25. Nd4 h5 26. Rc6 Be5 27. Nxf5 Qxf5 28. d6 Qd3 29. Be3 Bxd6 30. b5 Re8 31. Rec1 Rxe3 32. fxe3 Qxe3+ 33. Kh1 Qg3 34. Kg1 Bc5+ 35. Kh1 Kh7 36. Rd1 h4 37. Re6 f5 38. Rf1 g6 39. Rf3 Qg5 40. Rf1 Qd2 41. a4 Qa2 42. Ree1 Qxa4 43. Ra1 Qxb5 44. Rxa7+ Kh6 45. Rd1 Qe2 46. Raa1 Qe5 47. Rab1 Bd6 48. Kg1 Qh2+ 49. Kf2 Bc5+ 0-1

[Event "SWE-chC op"]
[Site "Lund"]
[Date "2010.07.09"]
[Round "7"]
[White "Berg, Bo"]
[Black "Mansson, Peter"]
[Result "0-1"]
[WhiteElo "1999"]
[BlackElo "2076"]
[PlyCount "108"]
[EventDate "2010.07.03"]
[EventType "swiss"]
[EventRounds "9"]
[EventCountry "SWE"]
[SourceTitle "CBM 137 Extra"]
[Source "ChessBase"]
[SourceDate "2010.09.01"]
[SourceVersion "1"]
[SourceVersionDate "2010.09.01"]
[SourceQuality "1"]

1. e4 c5 2. Nf3 Nc6 3. d4 cxd4 4. c3 Nf6 5. e5 Nd5 6. cxd4 d6 7. Bc4 Nb6 8. Bxf7+ Kxf7 9. e6+ Kg8 10. Ng5 Qe8 11. d5 Nd8 12. a4 h6 13. Nh3 Nxd5 14. Qxd5 Bxe6 15. Qd3 Qc6 16. 0-0 Bc4 17. Qe3 Bxf1 18. Kxf1 Qc4+ 19. Kg1 Qc5 20. Qb3+ d5 21. Na3 e6 22. Nf4 Qb4 23. Qe3 Qb6 24. Qe2 g5 25. Nd3 Bg7 26. Rb1 Kh7 27. Ne5 Qd4 28. Ng4 Rc8 29. Be3 Qxa4 30. f3 Qa6 31. Nb5 e5 32. Bxa7 Qg6 33. Re1 Rc2 34. Qe3 Rxb2 35. Nd4 exd4 36. Bxd4 Qc2 37. Bxb2 Bxb2 38. Qb6 Bg7 39. Re7 Qd1+ 40. Kf2 Qd2+ 41. Kf1 Qc1+ 42. Kf2 Qc6 43. Qd4 Ne6 44. Qf6 Qc2+ 45. Kg3 Qg6 46. Qxg6+ Kxg6 47. Rxe6+ Kf5 48. Re7 Bd4 49. Rf7+ Ke6 50. Rxb7 h5 51. Rb4 Bc5 52. Ra4 hxg4 53. Rxg4 Be3 54. h3 Rh4 0-1

[Event "SWE-chT2 0910"]
[Site "Sweden"]
[Date "2009.10.25"]
[Round "2"]
[White "Mansson, Peter"]
[Black "Arnelind, Mikael"]
[Result "1/2-1/2"]
[WhiteElo "2068"]
[BlackElo "2181"]
[PlyCount "84"]
[EventDate "2009.10.24"]
[EventType "team"]
[EventRounds "9"]
[EventCountry "SWE"]
[SourceTitle "EXT 2011"]
[Source "ChessBase"]
[SourceDate "2010.11.26"]
[SourceVersion "1"]
[SourceVersionDate "2010.11.26"]
[SourceQuality "1"]
[WhiteTeam "En Passant"]
[BlackTeam "Orgryte"]
[WhiteTeamCountry "SWE"]
[BlackTeamCountry "SWE"]

1. e4 e6 2. d4 d5 3. Nc3 Bb4 4. Qd3 Nf6 5. e5 Ne4 6. a3 Ba5 7. b4 Bb6 8. Nf3 Nxc3 9. Qxc3 h6 10. Bd3 Nc6 11. Be3 Ne7 12. Qd2 Nf5 13. 0-0 Bd7 14. a4 a5 15. b5 Qe7 16. c3 Nh4 17. Nxh4 Qxh4 18. f4 g6 19. g3 Qe7 20. f5 exf5 21. Bxh6 c5 22. bxc6 Bxc6 23. Bg5 Qe6 24. g4 f4 25. Qxf4 Rh3 26. Rf3 Rxf3 27. Qxf3 Bd8 28. Qf4 Bd7 29. h3 Rc8 30. Bxd8 Kxd8 31. Qg5+ Ke8 32. Qd2 Qc6 33. Ra3 Qb6 34. Qc2 Qd8 35. Kg2 Qg5 36. Ra1 Bxg4 37. hxg4 Qxg4+ 38. Kf2 Qh4+ 39. Ke2 Qh2+ 40. Ke3 Qh6+ 41. Ke2 Qh2+ 42. Ke1 Qg3+ 1/2-1/2